000 00579nam a2200205Ia 4500
005 20260429111911.0
008 260429s9999||||xx |||||||||||||| ||und||
020 _a9789389183771
041 _aEnglish
082 _a620.11232
_bNIL
100 _aNilan, Bodapati
245 0 _aElasticity of materials :
_ban introduction /
_cBodapati Nilan
260 _aNew Delhi :
_bWordpen Academics,
_c2025.
300 _aviii, 97 p.; hb
650 _a Elasticity
650 _a Engineering materials
650 _aMaterials science
700 _a Dubagunta, Irumporai
942 _cTB
999 _c51339
_d51339